[Event "Bangkok Cha Am op 19th"]
[Site "Bangkok"]
[Date "2019.04.10"]
[Round "5"]
[White "Swapnil, S Dhopade"]
[Black "Saptorshi, Gupta"]
[Result "1-0"]
[WhiteElo "2488"]
[BlackElo "2051"]
[PlyCount "54"]
[EventDate "2019.04.06"]
[EventType "swiss"]
[EventRounds "9"]
[EventCountry "THA"]
[SourceTitle "CBM 189 Extra"]
[Source "ChessBase"]
[SourceDate "2019.06.03"]
[SourceVersion "1"]
[SourceVersionDate "2019.06.03"]
[SourceQuality "1"]

1. Nf3 Nf6 2. g3 d5 3. Bg2 c5 4. 0-0 Nc6 5. d4 Bg4 6. Ne5 cxd4 7. Nxg4 Nxg4 8. e3 Nf6 9. exd4 Qb6 10. c3 e6 11. Nd2 Be7 12. Re1 0-0 13. h4 Qc7 14. a4 a6 15. Qe2 Na5 16. h5 Rfc8 17. h6 g6 18. Nf3 Qc4 19. Qe5 Qc7 20. Bg5 Nc4 21. Qe2 b5 22. Ne5 Nd6 23. axb5 axb5 24. Rxa8 Rxa8 25. Nxf7 Nxf7 26. Bxf6 Bxf6 27. Qxe6 Bg5 1-0

[Event "Barcelona Sant Marti op-A 20th"]
[Site "Barcelona"]
[Date "2018.07.15"]
[Round "3"]
[White "Saptorshi, Gupta"]
[Black "Iniyan, Panneerseluam"]
[Result "0-1"]
[WhiteElo "2091"]
[BlackElo "2451"]
[PlyCount "72"]
[EventDate "2018.07.13"]
[EventType "swiss"]
[EventRounds "9"]
[EventCountry "ESP"]
[SourceTitle "CBM 185 Extra"]
[Source "ChessBase"]
[SourceDate "2018.07.29"]
[SourceVersion "1"]
[SourceVersionDate "2018.07.29"]
[SourceQuality "1"]

1. e4 c5 2. Ne2 a6 3. g3 b5 4. Bg2 Bb7 5. d4 cxd4 6. Nxd4 Nf6 7. Nd2 Qb6 8. c3 e5 9. Nf5 g6 10. Ne3 Bg7 11. 0-0 d6 12. b3 0-0 13. Bb2 Nbd7 14. b4 Bc6 15. c4 Qb7 16. Nd5 Nb6 17. Rc1 a5 18. Nxb6 Qxb6 19. c5 dxc5 20. bxc5 Qc7 21. Qc2 Qe7 22. f4 Ng4 23. Rce1 Rfd8 24. h3 Bf8 25. Nb3 a4 26. hxg4 axb3 27. Qxb3 exf4 28. gxf4 Rd2 29. Rc1 Rxg2+ 30. Kxg2 Qxe4+ 31. Kg3 Qg2+ 32. Kh4 Be7+ 33. g5 Bxg5+ 34. fxg5 Ra4+ 35. Qxa4 bxa4 36. Be5 Bd7 0-1

[Event "Barbera del Valles op 41st"]
[Site "Barbera del Valles"]
[Date "2018.07.10"]
[Round "7"]
[White "Saptorshi, Gupta"]
[Black "Alonso Moyano, Jonathan"]
[Result "0-1"]
[WhiteElo "2091"]
[BlackElo "2400"]
[PlyCount "136"]
[EventDate "2018.07.04"]
[EventType "swiss"]
[EventRounds "9"]
[EventCountry "ESP"]
[SourceTitle "CBM 185 Extra"]
[Source "ChessBase"]
[SourceDate "2018.07.29"]
[SourceVersion "1"]
[SourceVersionDate "2018.07.29"]
[SourceQuality "1"]

1. e4 c5 2. Ne2 Nf6 3. e5 Ng4 4. d4 cxd4 5. Qxd4 d6 6. exd6 Nc6 7. Qd2 e5 8. Nbc3 Bxd6 9. Ne4 Bb4 10. c3 Qxd2+ 11. Bxd2 Be7 12. h3 Nf6 13. Nxf6+ Bxf6 14. Ng3 Be7 15. Bc4 0-0 16. 0-0-0 Bd7 17. Be3 Rfd8 18. Ne4 Na5 19. Bd5 Bc6 20. Bxc6 Nxc6 21. Bc5 Kf8 22. b4 b6 23. Bxe7+ Kxe7 24. Kb2 f5 25. Nd2 Kf6 26. f3 h5 27. Nc4 Rxd1 28. Rxd1 Rd8 29. Rxd8 Nxd8 30. a4 Kg5 31. b5 Kf4 32. h4 Nb7 33. Kc2 e4 34. fxe4 Kxe4 35. Kb3 Kf4 36. Kb4 Kg3 37. a5 bxa5+ 38. Nxa5 Nxa5 39. Kxa5 Kxg2 40. c4 f4 41. c5 f3 42. c6 f2 43. c7 f1Q 44. c8Q Qa1+ 45. Kb4 Qb2+ 46. Ka4 Qd4+ 47. Ka5 Kg3 48. Qc7+ Kxh4 49. Ka6 Qa4+ 50. Kb7 Qxb5+ 51. Kxa7 Qa4+ 52. Kb7 Qb3+ 53. Ka7 Qa2+ 54. Kb7 g5 55. Qe7 Qg2+ 56. Kc8 Kh3 57. Qe3+ Qg3 58. Qd2 h4 59. Kd8 g4 60. Ke7 Qg2 61. Qe3+ g3 62. Qe6+ Kh2 63. Qg4 h3 64. Kf6 Qf2+ 65. Kg5 g2 66. Kh5 g1Q 67. Qf4+ Kh1 68. Qe4+ Qfg2 0-1

[Event "Barbera del Valles op 41st"]
[Site "Barbera del Valles"]
[Date "2018.07.07"]
[Round "4"]
[White "Saptorshi, Gupta"]
[Black "Miciano, John Marvin"]
[Result "1-0"]
[WhiteElo "2091"]
[BlackElo "2411"]
[PlyCount "67"]
[EventDate "2018.07.04"]
[EventType "swiss"]
[EventRounds "9"]
[EventCountry "ESP"]
[SourceTitle "CBM 185 Extra"]
[Source "ChessBase"]
[SourceDate "2018.07.29"]
[SourceVersion "1"]
[SourceVersionDate "2018.07.29"]
[SourceQuality "1"]

1. e4 d6 2. d4 Nf6 3. Nc3 g6 4. Bg5 Bg7 5. Qd2 0-0 6. 0-0-0 c6 7. Bh6 b5 8. Bxg7 Kxg7 9. Bd3 e5 10. Nce2 Nbd7 11. Nf3 a6 12. Ng3 c5 13. dxe5 Nxe5 14. Be2 Bb7 15. Nxe5 dxe5 16. Nf5+ Kh8 17. Qh6 Rg8 18. Rxd8 Raxd8 19. Ng3 Rd6 20. Qg5 Re6 21. f3 c4 22. Rd1 Rge8 23. h4 h5 24. Nf1 Kh7 25. Qd2 Rc8 26. Qb4 Bc6 27. Rd6 Rce8 28. Rxe6 Rxe6 29. Qf8 Be8 30. Ne3 Nd7 31. Qb4 Nb8 32. Nd5 Kg8 33. Nc7 Nc6 34. Qc5 1-0

[Event "Barbera del Valles op 41st"]
[Site "Barbera del Valles"]
[Date "2018.07.06"]
[Round "3"]
[White "Martinez Fernandez, Adrian"]
[Black "Saptorshi, Gupta"]
[Result "0-1"]
[WhiteElo "2381"]
[BlackElo "2091"]
[PlyCount "98"]
[EventDate "2018.07.04"]
[EventType "swiss"]
[EventRounds "9"]
[EventCountry "ESP"]
[SourceTitle "CBM 185 Extra"]
[Source "ChessBase"]
[SourceDate "2018.07.29"]
[SourceVersion "1"]
[SourceVersionDate "2018.07.29"]
[SourceQuality "1"]

1. f4 c5 2. Nf3 d5 3. b3 Nc6 4. e3 Nf6 5. Bb5 Bd7 6. Bb2 g6 7. 0-0 Bg7 8. d3 0-0 9. Bxc6 Bxc6 10. Ne5 Qc7 11. Nd2 b5 12. Qe2 Bb7 13. Rae1 a5 14. Ng4 a4 15. Nxf6+ Bxf6 16. Bxf6 exf6 17. f5 axb3 18. axb3 Ra2 19. Ra1 Rxa1 20. Rxa1 Qe5 21. Ra7 Bc8 22. fxg6 hxg6 23. Nf3 Qb2 24. Rc7 Qc1+ 25. Kf2 Qa3 26. Qd2 Bg4 27. Qc3 Bxf3 28. Kxf3 c4 29. dxc4 dxc4 30. Kf2 Qd6 31. Rb7 Qd5 32. Rb6 cxb3 33. Qxb3 Qd2+ 34. Kf3 Qd1+ 35. Kg3 Re8 36. h3 Qg1 37. Kf3 Re5 38. Ke2 Qxg2+ 39. Kd1 Qf1+ 40. Kd2 Qf2+ 41. Kc1 Rxe3 42. Qxb5 Re1+ 43. Kb2 Qd4+ 44. c3 Qd2+ 45. Kb3 Rb1+ 46. Kc4 Qf4+ 47. Kd5 Qe5+ 48. Kc4 Qc7+ 49. Qc5 Qxb6 0-1

[Event "Montcada op-A 26th"]
[Site "Montcada"]
[Date "2018.07.02"]
[Round "9"]
[White "Saptorshi, Gupta"]
[Black "Saurabh, Anand"]
[Result "1/2-1/2"]
[WhiteElo "2122"]
[BlackElo "2280"]
[PlyCount "48"]
[EventDate "2018.06.25"]
[EventType "swiss"]
[EventRounds "9"]
[EventCountry "ESP"]
[SourceTitle "EXT 2019"]
[Source "ChessBase"]
[SourceDate "2018.10.10"]
[SourceVersion "1"]
[SourceVersionDate "2018.10.10"]
[SourceQuality "1"]

1. e4 e5 2. Bc4 Nf6 3. d3 c6 4. Nf3 Be7 5. c3 d6 6. h3 0-0 7. 0-0 Nbd7 8. a4 Nc5 9. Ba2 Be6 10. b4 Bxa2 11. Rxa2 Ne6 12. Na3 Qc7 13. Re1 Rfd8 14. Qb3 Bf8 15. d4 exd4 16. Nxd4 Nxd4 17. cxd4 Re8 18. Rae2 Re6 19. Bg5 Rae8 20. Bxf6 Rxf6 21. b5 Rfe6 22. bxc6 bxc6 23. Re3 Rb8 24. Qc2 Qd7 1/2-1/2

[Event "Kathmandu op"]
[Site "Kathmandu"]
[Date "2018.04.17"]
[Round "9"]
[White "Patil, Pratik"]
[Black "Saptorshi, Gupta"]
[Result "0-1"]
[WhiteElo "2258"]
[BlackElo "2080"]
[PlyCount "83"]
[EventDate "2018.04.13"]
[EventType "swiss"]
[EventRounds "9"]
[EventCountry "NEP"]
[SourceTitle "CBM 183 Extra"]
[Source "ChessBase"]
[SourceDate "2018.04.19"]
[SourceVersion "1"]
[SourceVersionDate "2018.04.19"]
[SourceQuality "1"]

1. e4 c5 2. c3 d5 3. exd5 Nf6 4. Bb5+ Nbd7 5. d4 Nxd5 6. dxc5 Nc7 7. Bc4 e6 8. b4 a5 9. Nf3 axb4 10. cxb4 Qf6 11. Qd4 Qxd4 12. Nxd4 b6 13. Nb5 Na6 14. cxb6 Nxb6 15. Bb3 Bd7 16. N1c3 Bxb4 17. Bd2 0-0 18. a3 Nc5 19. Rb1 Bxc3 20. Nxc3 Rxa3 21. Ba2 Nba4 22. Nxa4 Rxa4 23. Be3 Rxa2 24. Bxc5 Rc8 25. Be3 Bb5 26. Bd2 Bd3 27. Rd1 Rc5 28. Bf4 Rd5 29. Rd2 Ra4 30. Be3 f5 31. f4 Ra1+ 32. Rd1 Rxd1+ 33. Kxd1 Bf1+ 34. Kc1 Bxg2 35. Rd1 Rxd1+ 36. Kxd1 Bh3 37. Ke2 g5 38. fxg5 e5 39. Kf3 f4 40. Bb6 Kf7 41. Ba5 Ke6 42. Bc7 0-1

[Event "Kathmandu op"]
[Site "Kathmandu"]
[Date "2018.04.16"]
[Round "8"]
[White "Saptorshi, Gupta"]
[Black "Gusain, Himal"]
[Result "0-1"]
[WhiteElo "2080"]
[BlackElo "2413"]
[PlyCount "84"]
[EventDate "2018.04.13"]
[EventType "swiss"]
[EventRounds "9"]
[EventCountry "NEP"]
[SourceTitle "CBM 183 Extra"]
[Source "ChessBase"]
[SourceDate "2018.04.19"]
[SourceVersion "1"]
[SourceVersionDate "2018.04.19"]
[SourceQuality "1"]

1. e4 c5 2. Ne2 Nc6 3. g3 e6 4. Bg2 d5 5. exd5 exd5 6. d4 cxd4 7. Nxd4 Nf6 8. 0-0 Be7 9. Nc3 0-0 10. Nde2 d4 11. Nb5 Bc5 12. b3 Bg4 13. h3 Bxe2 14. Qxe2 Re8 15. Qc4 Qb6 16. Ba3 Bxa3 17. Nxa3 a6 18. Qd3 Qc5 19. Nc4 b5 20. Nb2 Rac8 21. Qd1 Nb4 22. Nd3 Qc3 23. Nxb4 Qxb4 24. Qd3 Rc3 25. a3 Qxb3 26. Qxd4 Rxc2 27. Rfb1 Qe6 28. a4 Rc4 29. Qd1 Qb6 30. axb5 axb5 31. Bf1 Rd4 32. Qf3 b4 33. Ra6 Qc5 34. Rc6 Qe7 35. Rb6 Nd5 36. Ra6 h6 37. Rb3 Qc5 38. Rd3 Rxd3 39. Qxd3 Rb8 40. Qb3 Nc3 41. h4 Rc8 42. Rg6 Ne4 0-1

[Event "IND-chT 38th"]
[Site "Bhubaneswar"]
[Date "2018.02.09"]
[Round "2.1"]
[White "Karthikeyan, Murali"]
[Black "Saptorshi, Gupta"]
[Result "1-0"]
[WhiteElo "2585"]
[BlackElo "2087"]
[PlyCount "49"]
[EventDate "2018.02.08"]
[EventType "team-swiss"]
[EventRounds "9"]
[EventCountry "IND"]
[SourceTitle "CBM 182 Extra"]
[Source "ChessBase"]
[SourceDate "2018.02.23"]
[SourceVersion "1"]
[SourceVersionDate "2018.02.23"]
[SourceQuality "1"]
[WhiteTeam "Petroleum Sports"]
[BlackTeam "Bengal Chess II"]
[WhiteTeamCountry "IND"]
[BlackTeamCountry "IND"]

1. e4 c5 2. Nf3 d6 3. d4 cxd4 4. Nxd4 Nf6 5. Nc3 a6 6. Nb3 e6 7. g4 Be7 8. Bg2 Nc6 9. Qe2 Qc7 10. Be3 b5 11. f4 Bb7 12. 0-0-0 Nd7 13. Kb1 Nb6 14. Bxb6 Qxb6 15. Nd5 exd5 16. exd5 Na7 17. Rhe1 Nc8 18. Nd4 0-0 19. g5 Ra7 20. Rd3 Ba8 21. Qh5 g6 22. Qh6 Bd8 23. f5 f6 24. fxg6 fxg5 25. Rf3 1-0

[Event "Bhopal op"]
[Site "Bhopal"]
[Date "2017.12.22"]
[Round "2"]
[White "Gareyev, Timur"]
[Black "Saptorshi, Gupta"]
[Result "1-0"]
[WhiteElo "2606"]
[BlackElo "2004"]
[PlyCount "53"]
[EventDate "2017.12.21"]
[EventType "swiss"]
[EventRounds "10"]
[EventCountry "IND"]
[SourceTitle "CBM 182 Extra"]
[Source "ChessBase"]
[SourceDate "2018.02.23"]
[SourceVersion "1"]
[SourceVersionDate "2018.02.23"]
[SourceQuality "1"]

1. e3 d5 2. c4 Nf6 3. cxd5 Nxd5 4. Nf3 c5 5. Nc3 Nc6 6. Bb5 Nxc3 7. bxc3 Bd7 8. 0-0 e6 9. d4 Be7 10. e4 a6 11. Bd3 Qc7 12. Bb2 0-0-0 13. d5 exd5 14. exd5 Ne5 15. c4 Bd6 16. Bxe5 Bxe5 17. Nxe5 Qxe5 18. Rb1 Bf5 19. Re1 Qf6 20. Qb3 Rd7 21. Bxf5 Qxf5 22. Qb6 Qf4 23. Qxc5+ Kb8 24. Qc6 Rc7 25. Qxa6 Qxc4 26. Rxb7+ Rxb7 27. Qxc4 1-0

[Event "IND-ch U19"]
[Site "Kankarbagh"]
[Date "2017.09.06"]
[Round "5"]
[White "Muthaiah, Al"]
[Black "Saptorshi, Gupta"]
[Result "1/2-1/2"]
[WhiteElo "2364"]
[BlackElo "2007"]
[PlyCount "137"]
[EventDate "2017.09.03"]
[EventType "swiss"]
[EventRounds "11"]
[EventCountry "IND"]
[SourceTitle "CBM 180 Extra"]
[Source "ChessBase"]
[SourceDate "2017.10.06"]
[SourceVersion "1"]
[SourceVersionDate "2017.10.06"]
[SourceQuality "1"]

1. c4 e5 2. Nc3 Nc6 3. Nf3 f5 4. e3 Nf6 5. d4 e4 6. Ng5 Bb4 7. Bd2 h6 8. Nh3 g5 9. d5 Ne5 10. Nxe4 fxe4 11. Bxb4 d6 12. Be2 Bxh3 13. gxh3 Qe7 14. Bc3 0-0-0 15. Qd4 Kb8 16. c5 Qd7 17. 0-0-0 Rhe8 18. cxd6 cxd6 19. Kb1 Qf5 20. Bb5 Re7 21. Ba5 Rf8 22. Qb4 Nf7 23. Qb3 Nd7 24. Bb4 Rc8 25. Qa3 Nc5 26. Rd2 Rec7 27. Rc1 Qxh3 28. Ba5 b6 29. Bc6 Nb7 30. Bxb6 axb6 31. Rd4 Na5 32. Rb4 Rxc6 33. dxc6 Kc7 34. Rxe4 Qf5 35. Qd3 Ne5 36. Qd5 Rf8 37. Ka1 Qf7 38. Qxf7+ Rxf7 39. f4 gxf4 40. exf4 Nd3 41. Rf1 Nxc6 42. Kb1 Rf6 43. Re3 Nc5 44. Rg3 d5 45. f5 Kd6 46. Rg6 Ke5 47. Rxf6 Kxf6 48. a3 Ne4 49. Kc2 Ne7 50. a4 Nxf5 51. b4 Ke5 52. Kd3 Ne7 53. Rc1 Kd6 54. Rg1 h5 55. Rg7 Nc6 56. Rg6+ Kd7 57. Rg7+ Ke6 58. Rb7 Nxb4+ 59. Ke3 Ke5 60. Rxb6 d4+ 61. Kf3 Nd5 62. Rh6 Ng5+ 63. Kf2 Kf4 64. Rxh5 d3 65. Rh4+ Ke5 66. a5 Ne4+ 67. Rxe4+ Kxe4 68. a6 Nc7 69. a7 1/2-1/2

[Event "IND-ch U19"]
[Site "Kankarbagh"]
[Date "2017.09.06"]
[Round "6"]
[White "Saptorshi, Gupta"]
[Black "Saurabh, Anand"]
[Result "1/2-1/2"]
[WhiteElo "2007"]
[BlackElo "2331"]
[PlyCount "40"]
[EventDate "2017.09.03"]
[EventType "swiss"]
[EventRounds "11"]
[EventCountry "IND"]
[SourceTitle "CBM 180 Extra"]
[Source "ChessBase"]
[SourceDate "2017.10.06"]
[SourceVersion "1"]
[SourceVersionDate "2017.10.06"]
[SourceQuality "1"]

1. e4 e5 2. Bc4 Nf6 3. d3 c6 4. Nc3 Be7 5. f4 d5 6. exd5 exf4 7. dxc6 0-0 8. Bxf4 Nxc6 9. Qd2 a6 10. Nge2 Bc5 11. 0-0-0 b5 12. Bb3 Na5 13. Ne4 Nxe4 14. dxe4 Nxb3+ 15. axb3 Qb6 16. Kb1 Bb7 17. Nc3 Rfe8 18. Bd6 Bxd6 19. Qxd6 Qxd6 20. Rxd6 Bxe4 1/2-1/2

[Event "IND-ch U17"]
[Site "Kolkata"]
[Date "2016.09.10"]
[Round "2"]
[White "Saptorshi, Gupta"]
[Black "Karthik, Venkataraman"]
[Result "0-1"]
[WhiteElo "1912"]
[BlackElo "2284"]
[PlyCount "124"]
[EventDate "2016.09.09"]
[EventType "swiss"]
[EventRounds "11"]
[EventCountry "IND"]
[SourceTitle "CBM 174 Extra"]
[Source "ChessBase"]
[SourceDate "2016.10.10"]
[SourceVersion "1"]
[SourceVersionDate "2016.10.10"]
[SourceQuality "1"]

1. e4 e5 2. Nf3 Nc6 3. d4 exd4 4. Bc4 Bc5 5. c3 Nf6 6. cxd4 Bb4+ 7. Bd2 Bxd2+ 8. Nbxd2 d5 9. exd5 Nxd5 10. Qb3 Nce7 11. 0-0 0-0 12. Rfe1 c6 13. Ne5 Qb6 14. Qxb6 axb6 15. Bb3 Be6 16. Ne4 Nf5 17. Red1 h6 18. Ng3 Nfe7 19. Rd2 Rfd8 20. Rad1 Nf4 21. Bxe6 Nxe6 22. a3 Ra4 23. Nf3 Nd5 24. Ne2 Ra5 25. g3 Nec7 26. Kg2 Nb5 27. h4 Nd6 28. Rc2 Re8 29. Rd3 f6 30. Nc1 Ra4 31. Kf1 Rc4 32. Rdd2 g5 33. hxg5 hxg5 34. Ne1 Ra4 35. Nb3 Kf7 36. Re2 Rh8 37. Rc1 Nf5 38. Rd1 Rh2 39. Rdd2 Ra8 40. Nf3 Rh1+ 41. Kg2 Rah8 42. Re1 R1h7 43. Rdd1 g4 44. Ng1 Rh2+ 45. Kf1 R8h5 46. Re4 Nd6 47. Re2 Rf5 48. Ke1 Nc4 49. Rc1 b5 50. f4 Rh1 51. Kf2 Rfh5 52. Rce1 Nxb2 53. Nc5 b6 54. Ne4 Nd3+ 55. Kf1 Nxe1 56. Rxe1 Rh8 57. Nd6+ Kg7 58. f5 Ra8 59. Kg2 Rhh8 60. Re4 Rxa3 61. Rxg4+ Kf8 62. Re4 Re3 0-1

[Event "IND-chB 51st"]
[Site "Bhopal"]
[Date "2013.10.22"]
[Round "13"]
[White "Chakravarthi, Reddy M"]
[Black "Saptorshi, Gupta"]
[Result "1-0"]
[WhiteElo "2123"]
[BlackElo "1793"]
[PlyCount "51"]
[EventDate "2013.10.12"]
[EventType "swiss"]
[EventRounds "13"]
[EventCountry "IND"]
[SourceTitle "EXT 2014"]
[Source "ChessBase"]
[SourceDate "2013.11.20"]
[SourceVersion "1"]
[SourceVersionDate "2013.11.20"]
[SourceQuality "1"]

1. d4 d5 2. Nf3 Nf6 3. Nc3 Bf5 4. Bf4 e6 5. h3 c6 6. g4 Bg6 7. Bg2 Bd6 8. Be5 Bxe5 9. Nxe5 Ne4 10. Nxe4 Bxe4 11. Bxe4 dxe4 12. Qd2 Nd7 13. 0-0-0 Nxe5 14. dxe5 Qd5 15. Qg5 Qxa2 16. Qxg7 Rf8 17. c3 Qa1+ 18. Kc2 Qa4+ 19. Kb1 b5 20. Rd4 Qa5 21. Qxh7 e3 22. f4 c5 23. Rd6 b4 24. Rhd1 Qa4 25. Qd3 Qa5 26. Rxe6+ 1-0

[Event "Raisoni Memorial op U15"]
[Site "Nagpur"]
[Date "2012.09.18"]
[Round "3"]
[White "Saptorshi, Gupta"]
[Black "Pranav, Vijay"]
[Result "0-1"]
[WhiteElo "1654"]
[BlackElo "2123"]
[PlyCount "126"]
[EventDate "2012.09.17"]
[EventType "swiss"]
[EventRounds "11"]
[EventCountry "IND"]
[SourceTitle "CBM 150 Extra"]
[Source "ChessBase"]
[SourceDate "2012.10.19"]
[SourceVersion "1"]
[SourceVersionDate "2012.10.19"]
[SourceQuality "1"]

1. e4 c6 2. d4 d5 3. exd5 cxd5 4. Nf3 Nc6 5. c4 Nf6 6. Nc3 Be6 7. cxd5 Bxd5 8. Bb5 a6 9. Nxd5 Qxd5 10. Bxc6+ Qxc6 11. 0-0 e6 12. Qb3 Be7 13. Bg5 Qd5 14. Qa4+ b5 15. Qc2 0-0 16. Rac1 Qxa2 17. Rfe1 Qd5 18. Re5 Qd7 19. Bxf6 Bxf6 20. Rc5 Rfd8 21. Rc7 Qd6 22. Qe4 Qd5 23. Qxd5 Rxd5 24. Kf1 g6 25. Rc8+ Rxc8 26. Rxc8+ Kg7 27. Rc6 Bxd4 28. b4 Bb2 29. Rxa6 Bc3 30. Ke2 Bxb4 31. Rb6 Be7 32. Rb7 Bd6 33. Nd2 h5 34. Ne4 Bxh2 35. g3 h4 36. gxh4 Bf4 37. Nc3 Rh5 38. Nxb5 Be5 39. Nc7 Bxc7 40. Rxc7 Rxh4 41. Kf3 Ra4 42. Kg3 Kf6 43. f4 Ra5 44. Kg4 Rf5 45. Ra7 g5 46. fxg5+ Rxg5+ 47. Kf4 Rb5 48. Rc7 Rb4+ 49. Ke3 e5 50. Kf3 Ke6 51. Rc6+ Kf5 52. Rc7 f6 53. Ke2 Ke4 54. Rf7 f5 55. Re7 f4 56. Kf2 Rb2+ 57. Ke1 f3 58. Kf1 Kf4 59. Rf7+ Ke3 60. Kg1 Rb1+ 61. Kh2 f2 62. Rf3+ Kxf3 63. Kh3 Rh1# 0-1